[Event "Yingmei CHN-chT 2018"]
[Site "Shenzhen"]
[Date "2018.04.11"]
[Round "1"]
[White "Lei, Tingjie"]
[Black "Vo, Thi Kim Phung"]
[Result "1-0"]
[WhiteElo "2537"]
[BlackElo "2393"]
[Annotator "TA"]
[PlyCount "91"]
[EventDate "2018.??.??"]
[EventCountry "CHN"]
[SourceTitle "playchess.com"]
[Source "ChessBase"]
[SourceQuality "1"]

{[%evp 27,91,56,47,61,76,43,36,34,46,43,41,25,41,33,54,66,125,88,62,71,65,69,84,64,89,72,85,89,90,100,84,90,97,94,91,77,194,194,340,339,454,439,439,429,422,344,425,430,490,496,496,494,659,635,1361,1345,6079,6079,5899,5891,5740,5712,5165,5089,1853,1799]} 1. e4 e6 2. d4 d5 3. Nd2 Nf6 4. e5 Nfd7 5. Bd3 c5 6. c3 Nc6 7. Ne2 Qb6 8. Nf3 cxd4 9. cxd4 f6 10. exf6 Nxf6 11. O-O Bd6 12. Bf4 Bxf4 13. Nxf4 O-O 14. Re1 Qxb2 {LiveBook: 50 Games} 15. g3 {C06: French Tarrasch: 3...Nf6 4 e5 Nfd7 5 Bd3 main lines} (15. Nxe6 Bxe6 16. Rxe6 Rae8 17. Rxe8 Rxe8 18. Rb1 Qxa2 19. Rxb7 Ne4 20. Bxe4 dxe4 21. Ne5 Rf8 22. Qb3+ Qxb3 23. Rxb3 Nxd4 24. Re3 {½-½ (32) Mamedov,N (2610)-Akobian,V (2628) Bursa 2010}) 15... Qa3 (15... Ng4 16. Bxh7+ $1 {[%mdl 512]} Kxh7 17. Ng5+ Kg8 18. Qxg4 $18) 16. Re3 {[%mdl 1024] White has strong compensation.} Qd6 17. Rb1 {White is slightly better.} Nb4 $146 ({Predecessor:} 17... g6 18. h3 Rb8 19. Qc2 Rf7 20. Qb2 b5 21. Rc1 Na5 22. Rxc8+ Rxc8 23. Rxe6 {1-0 (30) Cipka,I (2493)-Cimicki,D (2414) ICCF email 2008}) 18. Bf1 Ne4 19. a3 Nc6 20. Bd3 $1 Nf6 21. h4 b6 (21... h6 $14) 22. Rc1 Bd7 23. Ne5 Nd8 24. Bb1 Be8 25. Qd3 a6 26. Ng4 Ra7 27. Nxf6+ gxf6 28. Rce1 Bb5 29. Qd1 Rg7 30. Nxe6 Nxe6 31. Rxe6 Qf4 {[#]} (31... Qxa3 $16 32. R1e3 (32. Rxb6 Rxg3+ 33. Kh1 Rh3+ 34. Kg2 Rxh4 $17) 32... Qb4) 32. Kg2 $1 $18 (32. Rxb6 {[#]} Rxg3+ $1 {[%mdl 512]} 33. fxg3 Qxg3+ 34. Kh1 Kh8 $15) 32... Qxh4 (32... f5 $142 33. Re7 (33. Rxb6 Qc7 $14) 33... Qg4 34. Rxg7+ Kxg7 35. Re7+ Rf7 36. Rxf7+ Kxf7 37. Qxg4 fxg4) 33. Rh1 ({Not} 33. Rxb6 f5 $16) 33... Qg4 {[#]} 34. Bxh7+ $1 {[%mdl 512]} Kf7 (34... Rxh7 35. Qxg4+) 35. Qxg4 Rxg4 36. Bf5 Rg7 37. Rxb6 {White is clearly winning.} Re8 38. Rh6 Kg8 39. Be6+ Rxe6 40. Rxe6 {[%mdl 4096] Endgame KRR-KRB} f5 41. Rhg6 Rxg6 42. Rxg6+ Kf7 43. Rb6 Be2 44. a4 Ke7 45. a5 Kf7 46. Kh3 {Precision: White = 82%, Black = 42%.} 1-0

[Event "Yingmei CHN-chT 2018"]
[Site "Shenzhen"]
[Date "2018.04.11"]
[Round "1"]
[White "Liu, Qingnan"]
[Black "Zhou, Weiqi"]
[Result "1-0"]
[WhiteElo "2527"]
[BlackElo "2603"]
[Annotator "TA"]
[PlyCount "45"]
[EventDate "2018.??.??"]
[EventCountry "CHN"]
[SourceTitle "playchess.com"]
[Source "ChessBase"]
[SourceQuality "1"]

{[%evp 21,45,29,41,43,29,20,26,24,41,41,38,45,50,44,76,84,102,90,310,316,304,297,379,385,543,550]} 1. e4 c5 2. Nf3 d6 3. d4 cxd4 4. Nxd4 Nf6 5. Nc3 a6 6. Bg5 Nbd7 {[%cal Bb8d7,Bd7f6,Bf6g4][%mdl 32]} 7. f4 h6 {B94: Sicilian Najdorf: 6 Bg5 Nbd7} (7... Qc7 8. Be2 e6 9. O-O Be7 10. Kh1 b5 11. Bf3 Bb7 12. Bxf6 Nxf6 13. e5 dxe5 14. fxe5 Nd7 15. Bxb7 Qxb7 {½-½ (65) Azarov,S (2582)-Fedoseev,V (2690) Minsk 2017}) 8. Bxf6 Nxf6 9. e5 dxe5 10. fxe5 Ng4 11. e6 Bxe6 {LiveBook: 5 Games} 12. Nxe6 Qxd1+ 13. Rxd1 {[%cal Re6c7] [#]} fxe6 14. Rd4 h5 15. Bd3 $40 {[%cal Rd3g6][%mdl 128] White is up to no good.} Rh6 $146 16. Rb4 b5 17. a4 bxa4 18. Rxa4 e5 19. Ke2 Rf6 $2 (19... e6 $16 {was worth a try.}) 20. h3 $18 Nh6 21. Nd5 {[#] Black must now prevent Nc7+.} Rb8 22. Nxf6+ gxf6 (22... exf6 $142 23. Bg6+ Kd7 24. Rd1+ Kc7 25. Rxa6 Bc5) 23. Bg6+ 1-0

[Event "Yingmei CHN-chT 2018"]
[Site "Shenzhen"]
[Date "2018.04.11"]
[Round "1"]
[White "Tan, Zhongyi"]
[Black "Zhang, Xiaowen"]
[Result "1-0"]
[WhiteElo "2523"]
[BlackElo "2327"]
[Annotator "TA"]
[PlyCount "111"]
[EventDate "2018.??.??"]
[EventCountry "CHN"]
[SourceTitle "playchess.com"]
[Source "ChessBase"]
[SourceQuality "1"]

{[%evp 29,111,27,24,15,15,17,26,23,45,45,43,42,42,42,42,33,50,41,45,29,49,0,8,9,32,27,31,31,64,70,79,80,114,116,148,132,144,152,200,171,195,122,125,108,123,139,145,125,240,250,316,315,372,346,342,329,508,476,1195,1386,12695,12819,1796,1434,1949,593,693,596,12846,12847,12848,12848,12849,12849,12850,12850,12850,12851,12851,12851,12851,29979,12851,29980]} 1. Nf3 d5 2. g3 Nf6 3. Bg2 c5 4. O-O Nc6 5. d4 e6 6. c4 dxc4 7. dxc5 Qxd1 8. Rxd1 Bxc5 9. Nbd2 {[%cal Bb1d2,Bd2b3,Bb3a5,Ba5c6][%mdl 32]} c3 10. bxc3 O-O 11. Nb3 Be7 {E04: Open Catalan: 5 Nf3} 12. Nfd4 (12. c4 Bd7 13. Bb2 Rfd8 14. Nfd4 Rac8 15. Nb5 b6 16. Nd6 Bxd6 17. Rxd6 Be8 18. Rxd8 Nxd8 19. Rc1 Bc6 20. c5 Bxg2 21. Kxg2 {½-½ (30) Cheparinov,I (2710)-Anand,V (2782) Riadh 2017}) 12... Nxd4 13. cxd4 Nd5 14. Bd2 f5 15. Na5 b6 {LiveBook: 4 Games} 16. Nc6 Bf6 17. e3 Bb7 18. Nb4 {[#]} Rac8 $146 ({Predecessor:} 18... Rfd8 19. Rac1 {½-½ (43) Ju,W (2567)-Tan,Z (2517) Riadh 2017}) 19. a4 Rf7 20. Nxd5 Bxd5 21. Bxd5 exd5 22. a5 Bd8 23. Rdb1 Rd7 24. h3 Kf7 25. g4 fxg4 {Strongly threatening ...Rc2.} 26. hxg4 Rc6 27. axb6 axb6 28. Kf1 h6 29. Ke2 Ke6 30. Kd3 Rf7 31. Ra8 Bh4 32. f4 {[%cal Bf2f4,Bf4f5][%mdl 32]} Rd7 {[#]} 33. Rf8 $1 Be7 34. f5+ Kd6 35. Rf7 (35. Bb4+ $18 Kc7 36. Bxe7 Rxe7 37. Ra1) 35... Bd8 $16 36. Bb4+ Kc7 37. Rxd7+ Kxd7 {[%mdl 4096] Endgame [#] KRB-KRB} 38. Bf8 $1 {[%cal Rf8g7]} g6 (38... Bf6 $16) 39. Rb5 $18 Ke8 40. Rxd5 gxf5 41. gxf5 h5 42. Bg7 h4 (42... Be7 {was necessary.} 43. f6 Bxf6) 43. f6 Bxf6 (43... Bc7 $142 44. Rh5 Bg3) 44. Bxf6 Rxf6 {KR-KR} 45. Rh5 Kd7 46. Rxh4 b5 47. Rh8 (47. d5 $142 Rf1 48. e4) 47... Kc7 48. d5 b4 49. Kc4 Kd6 50. Rb8 Rf3 51. Kd4 Rf1 52. Rb6+ Kd7 53. Rxb4 Rh1 54. e4 {[%cal Be3e4,Be4e5][%mdl 32]} Ke7 55. Rb7+ (55. e5 $18 Rd1+ 56. Kc5 Rc1+ 57. Rc4) 55... Kd8 56. e5 {Precision: White = 76%, Black = 26%.} 1-0

[Event "Yingmei CHN-chT 2018"]
[Site "Shenzhen"]
[Date "2018.04.10"]
[Round "1"]
[White "Harika, Dronavalli"]
[Black "Wang, Yu A."]
[Result "1/2-1/2"]
[WhiteElo "2503"]
[BlackElo "2337"]
[Annotator "TA RC"]
[PlyCount "133"]
[EventDate "2018.??.??"]
[EventCountry "CHN"]
[SourceTitle "playchess.com"]
[Source "ChessBase"]
[SourceQuality "1"]

{[%evp 17,133,16,46,34,59,26,38,-25,10,12,26,0,0,0,0,0,0,0,0,0,44,44,41,29,22,39,83,-9,-12,-10,-14,-13,-16,-16,48,0,5,7,50,41,29,36,34,39,27,0,0,0,45,43,43,43,45,47,50,41,112,106,89,45,76,29,53,31,40,33,113,100,175,147,169,115,518,487,578,477,650,529,800,693,543,191,200,22,27,8,8,7,7,7,8,8,8,8,8,0,0,0,0,0,0,0,0,0,0,0,0,0,0,0,0,0,0,0,0,0,0,0]} 1. Nf3 d5 2. e3 c5 3. b3 Nf6 4. Bb2 e6 5. d4 cxd4 6. exd4 Be7 {D05: Colle System with ...e6} 7. Bd3 O-O 8. O-O Nc6 9. a3 (9. Nbd2 b6 10. a3 Bb7 11. Qe2 Rc8 12. Rfe1 Rc7 13. Rac1 Qa8 14. Ng5 h6 15. Ngf3 Rd8 16. b4 Bf8 17. Ne5 a5 18. c3 Nxe5 19. dxe5 Ne4 {1-0 (82) Markus,R (2649)-Jovanovic,Z (2526) Hungary 2016}) 9... Ne4 {LiveBook: 3 Games} 10. c4 f5 11. b4 Bf6 $146 ({Predecessor:} 11... g5 12. c5 g4 13. Ne5 Nxe5 14. dxe5 {0-1 (39) Berdichersky,W-Legahn,D (2191) Germany 2010}) 12. Ne5 (12. Nbd2 $14) 12... Qc7 {[%cal Rc6e5]} 13. Nxc6 bxc6 14. f3 Nd6 15. c5 Nc4 16. Bxc4 $1 dxc4 17. Qe2 Qd7 18. Qxc4 Ba6 19. Qxa6 Bxd4+ 20. Kh1 $1 ({Of course not} 20. Rf2 Bxb2 21. Rd2 Bd4+ 22. Kh1 Qd5 $17) 20... Bxb2 21. Ra2 Bd4 22. Qc4 (22. Rd2 $16 {And now f4 would win.} e5 23. Nc3 $1 {[%mdl 512]}) 22... Qd5 $1 $11 {[%cal Rd5c4]} 23. Nd2 {[#]} Bc3 $1 {[%mdl 512]} 24. Qxd5 (24. Qxc3 Qxa2) 24... exd5 25. Nb3 d4 ({Black should play} 25... Rae8 $11) 26. Rc2 Rfe8 27. Kg1 Rad8 28. Kf2 Kf7 29. Rd1 Kf6 30. Na5 Rc8 31. Nc4 Re6 32. f4 g5 33. fxg5+ Kxg5 34. Nd2 Bxd2 35. Rcxd2 $14 {[%mdl 4096] Endgame KRR-KRR} Re3 36. a4 Rb3 (36... a5 $14) 37. Rxd4 $16 Rb8 38. b5 cxb5 39. axb5 {h4+ is the strong threat.} R3xb5 40. Rc1 Rc8 41. c6 {[%cal Bc5c6,Bc6c7][%mdl 32]} Rb6 (41... Rb2+ $14 42. Kf3 Rb3+ 43. Kf2 Rb2+ 44. Kf1 Rc7) 42. c7 Rb7 (42... Rb2+ $16 43. Ke3 Rb3+ 44. Ke2 Rb2+ 45. Ke3 Rb3+ 46. Kd2 Rb2+ 47. Ke3) 43. Rd7 a5 44. Rc6 (44. h4+ $18 Kf6 45. Rc6+ (45. Rxh7 a4 $16) 45... Ke5 46. Rc5+ (46. Rxh7 a4 $16) 46... Ke6 47. Rxh7) 44... Rb2+ $2 {[%mdl 8192]} (44... Kf4 $16 45. Re7 Rb2+ 46. Kf1 h6 47. g3+ (47. Rxh6 Rc2 $16) 47... Kg4) 45. Ke3 {White threatens Rg7+ and mate.} f4+ 46. Kd3 Rb7 47. Rxh7 a4 48. Rg7+ Kf5 49. Rf7+ $2 (49. h4 {[%csl Gh4][%cal Rg7g5]} Rb3+ 50. Kd4 Rb4+ 51. Kc5) 49... Ke5 $18 {[#]} 50. Rc5+ $2 (50. Rh7 $1 $18 {[%cal Rh7h5]} Kd5 51. Ra6 Rb3+ 52. Ke2) 50... Kd6 $11 51. Ra5 {Black must now prevent Ra6+.} Rbxc7 {The position is equal.} 52. Rxc7 Rxc7 53. Rxa4 {KR-KR} Rh7 54. Ra6+ Ke5 55. Ra5+ Kf6 56. h3 Rg7 57. Ra2 Kf5 58. Rb2 Rg3+ 59. Kd4 f3 60. Rf2 Rxg2 61. Rxf3+ Kg5 62. Rf8 {Rg8+ would kill now.} Rh2 63. Rh8 Kf4 64. h4 Kg4 65. h5 Rxh5 66. Rxh5 Kxh5 67. Kd5 {Precision: White = 44%, Black = 52%.} 1/2-1/2

[Event "Yingmei CHN-chT 2018"]
[Site "Shenzhen"]
[Date "2018.04.11"]
[Round "1"]
[White "Wan, Yunguo"]
[Black "Bu, Xiangzhi"]
[Result "0-1"]
[WhiteElo "2500"]
[BlackElo "2725"]
[Annotator "TA"]
[PlyCount "86"]
[EventDate "2018.??.??"]
[EventCountry "CHN"]
[SourceTitle "playchess.com"]
[Source "ChessBase"]
[SourceQuality "1"]

{[%evp 26,86,0,0,15,0,0,0,16,-7,-9,0,16,-96,-89,-90,0,0,0,-154,-150,-138,-143,-242,-178,-269,-260,-496,-493,-476,-470,-460,-457,-856,-804,-693,-368,-1154,-1137,-1116,-1067,-1066,-1056,-1008,-937,-709,-682,-1130,-1324,-1213,-895,-796,-668,-1588,-1452,-1121,-1124,-2040,-1957,-1577,-1332,-1025,-984]} 1. e4 c5 2. Nf3 Nc6 3. d4 cxd4 4. Nxd4 g6 5. c4 Bg7 6. Nc2 Nf6 7. Nc3 O-O 8. Be2 d6 9. O-O Nd7 10. Bd2 a5 11. b3 {B37: Sicilian: Maroczy Bind with 5...Bg7, sidelines} Nc5 12. f3 f5 13. exf5 Bxf5 14. Ne3 {LiveBook: 3 Games} Bd7 {[#]} 15. Nc2 $146 ({Predecessor:} 15. Rb1 Nd4 16. Rf2 Bc6 17. Bf1 b6 18. Be1 e6 {0-1 (38) Vera Gonzalez Quevedo,R (2518)-Leon Hoyos,M (2565) Cappelle-la-Grande 2011}) 15... Nb4 16. Kh1 Ne6 17. Nxb4 axb4 18. Nd5 Bc6 19. f4 (19. Rc1 $11 {keeps the balance.}) 19... Bxd5 $17 20. cxd5 Nd4 ({Black should play} 20... Bxa1 $17 21. Qxa1 Nc5 22. Bxb4 Nxb3 $1 {[%mdl 512]}) 21. Bd3 $11 Nf5 $36 {[%mdl 2048] Black is pushing.} 22. Qe2 $2 (22. Rc1 $11) 22... Bxa1 $17 23. Rxa1 Qb6 {Strongly threatening ...Qd4.} 24. Re1 (24. g4 $17 {is a better defense.} Qd4 25. Rd1) 24... Qd4 25. Bc1 {[#]} (25. Bb1 {was necessary.}) 25... Rxa2 $1 $19 {[%mdl 512]} 26. Qe6+ $2 (26. Qxa2 Qxd3 27. Qe2 Qxb3 28. Qe4) 26... Kg7 27. Bxf5 Rxf5 ({Not} 27... gxf5 28. Qxe7+ Kg8 29. Rg1 $17) 28. Qxe7+ Rf7 29. Qxd6 {[#]} (29. Qh4 $142) 29... Re2 $1 {[%cal Re2e1][%mdl 512]} 30. Rg1 (30. Rxe2 Qd1+) 30... Qc3 {aiming for ...Re1.} 31. h3 $2 (31. Qb6) 31... Re1 {Black is clearly winning.} 32. Rxe1 Qxe1+ 33. Kh2 Qxc1 {[%mdl 4096] Endgame} 34. Qe5+ Kf8 $1 35. Qb8+ {[#]} Ke7 $1 36. d6+ Kd7 37. Qxb7+ Ke6 38. Qe4+ Kxd6 39. Qe5+ Kd7 40. Qd5+ Ke8 41. Qa8+ Ke7 42. Qa7+ {[#]} Ke6 $1 43. Qb6+ Kd7 {Precision: White = 20%, Black = 61%.} 0-1

[Event "Yingmei CHN-chT 2018"]
[Site "Shenzhen"]
[Date "2018.04.11"]
[Round "1"]
[White "Saduakassova, Dinara"]
[Black "Chu, Ruotong"]
[Result "1-0"]
[WhiteElo "2481"]
[BlackElo "2284"]
[Annotator "TA"]
[PlyCount "103"]
[EventDate "2018.??.??"]
[EventCountry "CHN"]
[SourceTitle "playchess.com"]
[Source "ChessBase"]
[SourceQuality "1"]

{[%evp 26,103,19,20,16,21,29,18,72,90,80,69,62,47,69,64,50,50,60,0,0,0,2,0,0,0,0,0,0,0,8,0,12,6,58,0,23,23,34,0,0,0,0,0,0,0,0,0,0,0,0,-1,6,6,36,0,41,52,98,93,85,90,83,76,86,75,200,187,190,199,178,183,179,187,197,183,29997,29997,29998,29999]} 1. Nf3 d5 2. d4 Nf6 3. c4 dxc4 4. e3 a6 5. Bxc4 e6 6. O-O c5 7. Nc3 b5 8. Be2 Bb7 9. dxc5 Qxd1 10. Rxd1 Bxc5 11. Nd2 {D27: Queen's Gambit Accepted: Classical main line: 7 e4!? and 7 a4} Nbd7 12. Nb3 Bb4 13. Bd2 O-O 14. a3 {LiveBook: 3 Games} Nc5 15. Nc1 Bxc3 $1 16. Bxc3 {[#]} Nfe4 $146 (16... Rfc8 $11) ({Predecessor:} 16... Rfc8 17. Bd4 Bd5 18. f3 Bc4 {1-0 (83) Kramnik,V (2801)-Tomashevsky,E (2738) Moscow 2012}) 17. Bb4 $16 Rfc8 {[#]} 18. f3 $1 {[%cal Rf3e4]} Nf6 19. Rd2 Nd5 20. Bxc5 Rxc5 21. Nb3 Rc7 22. Rad1 (22. e4 $14 Nf4 23. Bf1) 22... f5 $11 23. Kf2 Rac8 24. Na5 Ba8 25. Bd3 Nb6 26. Bb1 Kf7 27. Rd6 Rb8 28. Ba2 Bd5 29. Bxd5 Nxd5 (29... Rc2+ $11 30. Kg3 Nxd5) 30. Rd2 ({Better is} 30. Nc6 $14 Rb6 31. Rc1) 30... Rbc8 31. Ke2 f4 32. exf4 Nxf4+ 33. Kf2 Rc2 34. g3 Rxd2+ 35. Rxd2 {[%mdl 4096] Endgame KRN-KRN} Nd5 36. Nb3 Nb6 37. f4 Nc4 38. Rc2 Rd8 39. Nc5 Rd6 40. Ne4 {Black must now prevent Rxc4.} Rb6 41. a4 h6 42. axb5 axb5 43. b3 Nd6 44. Rc7+ Kg6 45. Nc5 Nf5 {[#]} (45... b4 $16 {is a better defense.}) 46. g4 $1 $18 {[%cal Rg4f5]} Nd4 47. Rd7 Rc6 48. b4 ({Inferior is} 48. Rxd4 Rxc5 49. Rd6 Rc2+ 50. Kg1 Re2 $11) 48... Nc2 49. Nxe6 $1 Nxb4 50. Nxg7 {White threatens Nh5 and mate.} ({Worse is} 50. Rxg7+ Kf6 $14) 50... Nc2 $2 (50... Nd3+ $18 51. Rxd3 Kxg7 52. Rd7+ Kf6) 51. Ne8 {[%csl Ge8][%cal Rd7g7]} h5 52. Rg7+ {Precision: White = 79%, Black = 45%.} 1-0

[Event "Yingmei CHN-chT 2018"]
[Site "Shenzhen"]
[Date "2018.04.10"]
[Round "1"]
[White "Wang, Yiye"]
[Black "Harikrishna, P.."]
[Result "0-1"]
[WhiteElo "2448"]
[BlackElo "2727"]
[Annotator "TA"]
[PlyCount "120"]
[EventDate "2018.??.??"]
[EventCountry "CHN"]
[SourceTitle "playchess.com"]
[Source "ChessBase"]
[SourceQuality "1"]

{[%evp 10,120,9,12,7,-37,45,45,39,33,58,50,64,0,27,17,25,0,0,-3,0,0,0,0,11,21,10,0,0,0,0,0,0,9,0,-137,-137,-144,77,-129,-127,-136,-130,-147,-143,-130,-132,-128,-123,-128,-113,-122,-93,-88,-106,-102,-92,-107,-89,-92,-96,-99,-120,-93,-108,-101,-108,-82,-83,-164,-143,-112,-58,-282,-279,-299,-316,-323,-307,-290,-302,-293,-285,-508,-261,-258,-160,-187,-186,-193,-130,-166,-118,-271,-279,-417,-378,-441,-434,-399,-408,-950,-918,-937,-865,-894,-875,-859,-792,-963,-944,-5057,-3058]} 1. c4 e5 2. Nc3 Nf6 3. Nf3 Nc6 4. e3 Bb4 5. Qc2 d6 6. Ne2 {LiveBook: 3 Games. A28: English Opening: Four Knights Variation} a5 7. Ng3 (7. a3 Bc5 8. b3 O-O 9. Ng3 Re8 10. Bb2 Ba7 11. Be2 h6 12. O-O Be6 13. Bc3 Ne7 {1-0 (63) Karjakin,S (2760)-Vidit,S (2715) Riadh 2017}) 7... h6 (7... a4 $15) 8. a3 $14 {White is slightly better.} Bc5 9. b3 O-O 10. Bb2 Re8 11. d3 (11. Be2 $14) 11... d5 12. cxd5 Qxd5 13. Ne4 $146 ({Predecessor:} 13. Be2 Bf8 {½-½ (33) Harutyunian,T (2487)-Sargsyan,S (2461) Yerevan 2018}) 13... Be7 14. Be2 Be6 15. Ned2 Nd7 16. O-O Bg4 17. h3 Bh5 18. d4 exd4 19. Bc4 Qd6 20. Ne4 Qg6 {Threatens to win with ...Bxf3.} 21. Nxd4 Nce5 $40 {[%mdl 128] Black attacks.} 22. Be2 (22. g4 $11 {keeps the balance.}) 22... Bxe2 $17 23. Nxe2 Nf3+ $1 24. Kh1 Ng5 ({Stronger than} 24... Nh4 25. Nf4 $14) 25. f3 Nxe4 26. fxe4 Bd6 27. Rf5 Qe6 28. Raf1 Qxe4 29. Qxe4 Rxe4 30. Bxg7 Rxe3 31. Rxf7 Ne5 32. Bxe5 Bxe5 33. Nf4 Kxf7 34. Nd5+ Ke6 35. Nxe3 {[%mdl 4096] Endgame KRB-KRN} Rd8 36. Nc4 Bc3 37. Rf3 {[#]} Rd1+ $1 38. Kh2 {[#]} Rc1 $1 {And now ...b5 would win.} 39. Re3+ (39. a4 $17) 39... Kd5 $19 40. a4 Kc5 ({Black should try} 40... c6 $17 {aiming for ...b5.} 41. Re7 b5 42. Ne3+ Kc5) 41. Ne5 $2 ({White should play} 41. Nxa5 $1 $15 b6 42. Nb7+ Kb4 43. Kg3) 41... Kd4 42. Nc4 Bb4 43. Re6 Rb1 44. Rxh6 Rxb3 45. Rh4+ Kc5 46. Ne5 $2 (46. Rf4 {might work better.}) 46... Kd5 47. Nf3 Ra3 48. Rd4+ Kc5 49. Rd7 Rxa4 (49... Kb6 $19 50. Rd1 Bd6+ 51. Kg1 Rxa4) 50. Rxc7+ Kb6 51. Rd7 $2 (51. Rc2 $17 {is a better defense.}) 51... Ra1 52. g4 (52. Rd4 $142 Bc5 53. Rd2) 52... a4 53. Ne5 Bc3 54. Nc4+ Kb5 55. Rc7 (55. Ne3 $142 Re1 56. Rd5+ Kc6 57. Rd3) 55... Kb4 {Black is clearly winning.} 56. Kg2 b5 57. Ne3 Kb3 58. Nd5 Bd4 59. Kf3 a3 {...a2 is the strong threat.} 60. Rb7 Kc4 {Precision: White = 48%, Black = 68%.} 0-1

[Event "Yingmei CHN-chT 2018"]
[Site "Shenzhen"]
[Date "2018.04.11"]
[Round "1"]
[White "Huang, Qian"]
[Black "Zhai, Mo"]
[Result "1-0"]
[WhiteElo "2440"]
[BlackElo "2310"]
[Annotator "TA"]
[PlyCount "73"]
[EventDate "2018.??.??"]
[EventCountry "CHN"]
[SourceTitle "playchess.com"]
[Source "ChessBase"]
[SourceQuality "1"]

{[%evp 12,73,44,36,60,41,109,106,103,87,113,114,110,113,237,234,369,368,446,441,437,401,385,357,349,335,395,385,388,395,395,391,388,372,453,381,385,387,376,366,378,356,363,345,592,553,595,576,649,535,639,377,377,360,355,292,475,475,475,449,435,426,397,387]} 1. d4 Nf6 2. c4 e6 3. Nf3 d5 4. g3 dxc4 5. Bg2 c5 6. O-O Bd7 {E04: Open Catalan: 5 Nf3} (6... Nc6 7. dxc5 Qxd1 8. Rxd1 Bxc5 9. Nfd2 Na5 10. Na3 Bxa3 11. bxa3 Nd5 12. Ne4 O-O 13. Bd2 b6 14. Rac1 Ba6 15. Bxa5 bxa5 {1-0 (39) Carlsen,M (2837)-Harikrishna,P (2744) Riadh 2017}) 7. Na3 {LiveBook: 7 Games} c3 $146 ({Predecessor:} 7... Bc6 8. Nxc4 Nbd7 9. Bf4 cxd4 10. Qxd4 Bc5 11. Nd6+ Ke7 12. Qd2 Nb6 13. Rad1 {½-½ (44) Xu,Z (2119)-Ma,Z (2471) Zhongshan 2014}) 8. bxc3 cxd4 (8... Bc6 $1 $14) 9. Nxd4 $16 Nc6 10. Ndb5 a6 11. Nd6+ Bxd6 12. Qxd6 Qe7 (12... Na5 $16 {might work better.}) 13. Nc4 $18 {[%cal Ba3c4,Bc4d6,Bd6b7,Bb7c5][%mdl 32]} Nd5 (13... O-O $142 14. Qxe7 Nxe7) 14. Ba3 Qxd6 15. Nxd6+ ({Not} 15. Bxd6 Nce7 $16) 15... Ke7 16. Nxb7+ Kf6 17. Nc5 Be8 18. Rfd1 Nb6 19. Ne4+ Kg6 20. Nd6 Bd7 21. c4 {[%cal Bc3c4,Bc4c5][%mdl 32]} Rab8 22. h4 Ne5 {[#]} 23. h5+ $1 {[%mdl 512]} Kxh5 24. c5 Nbc4 25. Nxc4 Nxc4 26. Rxd7 Nxa3 27. Rxf7 Rb5 $2 {[#]} (27... Kg6) 28. Rxg7 Rxc5 29. Rd1 Nb5 30. Rdd7 Nc3 31. Bf3+ Kh6 32. Rge7 Re5 33. Rd6 Nxe2+ $2 (33... a5 34. Kg2 Kg5 35. Rexe6 Rxe6 36. Rxe6 Rd8) 34. Bxe2 Rxe2 35. Rdxe6+ Rxe6 36. Rxe6+ Kg5 37. Rxa6 {Precision: White = 93%, Black = 29%.} 1-0

[Event "Yingmei CHN-chT 2018"]
[Site "Shenzhen"]
[Date "2018.04.11"]
[Round "1"]
[White "Li, Yankai"]
[Black "Liu, Guanchu"]
[Result "1/2-1/2"]
[WhiteElo "2430"]
[BlackElo "2459"]
[Annotator "TA"]
[PlyCount "74"]
[EventDate "2018.??.??"]
[EventCountry "CHN"]
[SourceTitle "playchess.com"]
[Source "ChessBase"]
[SourceQuality "1"]

{[%evp 25,74,-4,19,12,18,20,36,48,36,24,32,50,47,47,49,7,40,33,37,0,0,0,0,0,0,0,0,0,0,0,0,0,0,0,0,0,0,0,0,0,0,0,0,0,0,0,0,0,0,0,0]} 1. d4 Nf6 2. c4 e6 3. Nf3 b6 4. g3 Bb7 5. Bg2 Be7 6. O-O O-O 7. Nc3 Ne4 8. Bd2 Bf6 9. Ne5 {E18: Queen's Indian: Old Main Line (4 g3 Bb7 5 Bg2 Be7 6 0-0 0-0 7 Nc3)} Nxc3 10. Bxc3 Bxg2 11. Kxg2 c5 12. dxc5 (12. Nf3 cxd4 13. Bxd4 Na6 14. Bxf6 Qxf6 15. Qd4 Qxd4 16. Nxd4 Rfc8 17. b3 {½-½ (17) Aronian,L (2801)-Tomashevsky,E (2702) Palma de Mallorca 2017}) 12... bxc5 13. Qd6 Qb6 {LiveBook: 15 Games} 14. Rfd1 Rd8 {[#]} 15. h4 $146 ({Predecessor:} 15. e3 Nc6 16. Nxc6 dxc6 {½-½ (41) Grachev,B (2669)-Lysyj,I (2686) Kazan 2014}) 15... Nc6 16. Nxc6 ({Of course not} 16. Nxd7 Rxd7 17. Qxd7 Rd8 $17) 16... dxc6 17. Qf4 Bxc3 18. bxc3 Qa5 19. Rxd8+ Rxd8 $14 {[%mdl 4096] Endgame KQR-KQR} 20. Rb1 h6 21. Rb7 Rf8 22. Qe5 Qxa2 {The position is equal.} 23. Qxc5 Qxe2 24. Qxc6 a5 25. c5 Qc4 26. Qb6 Qe4+ 27. Kh2 {[#] Black must now prevent c6.} Rc8 28. Rb8 Rxb8 29. Qxb8+ $11 {KQ-KQ} Kh7 30. Qb6 a4 31. c6 a3 32. c7 a2 33. Qa5 Qb1 34. c8=Q a1=Q 35. Qxa1 Qxa1 36. Qc5 Qf1 37. c4 Qe2 {Precision: White = 88%, Black = 56%.} 1/2-1/2

[Event "Yingmei CHN-chT 2018"]
[Site "Shenzhen"]
[Date "2018.04.11"]
[Round "1"]
[White "Xiang, Zeyu"]
[Black "Xu, Yinglun"]
[Result "1/2-1/2"]
[WhiteElo "2411"]
[BlackElo "2545"]
[Annotator "TA"]
[PlyCount "66"]
[EventDate "2018.??.??"]
[EventCountry "CHN"]
[SourceTitle "playchess.com"]
[Source "ChessBase"]
[SourceQuality "1"]

{[%evp 23,66,14,11,17,11,10,10,10,8,19,16,13,10,13,16,0,13,13,15,18,44,15,15,15,16,16,16,16,16,16,12,13,16,14,16,18,27,22,15,12,12,12,12,12,12]} 1. d4 Nf6 2. c4 e6 3. Nf3 d5 4. Nc3 c5 5. cxd5 Nxd5 6. g3 Nxc3 7. bxc3 cxd4 8. cxd4 Bb4+ {D41: Queen's Gambit Declined: Semi-Tarrasch with 5 cxd5} 9. Bd2 Bxd2+ 10. Qxd2 b6 11. Bg2 Bb7 12. O-O O-O {LiveBook: 9 Games} 13. Rfc1 (13. Rfd1 Nd7 14. a4 Nf6 15. Ne5 Bxg2 16. Kxg2 {½-½ (52) Georgiev,K (2623)-Riazantsev,A (2650) Riadh 2017}) 13... Nd7 14. Qc3 Rc8 15. Qa3 Rxc1+ $146 ({Predecessor:} 15... a6 16. Rxc8 Qxc8 {½-½ (43) Benjamin,J (2544)-Javakhadze,Z (2459) Indianapolis 2016}) 16. Rxc1 Qa8 17. Ne1 Bxg2 18. Nxg2 Nf6 19. Ne3 Qb7 20. Nc4 Rc8 21. Nd6 Rxc1+ 22. Qxc1 Qd7 23. Qc8+ Qxc8 24. Nxc8 $11 {[%mdl 4096] Endgame KN-KN} Nd5 25. Nxa7 Nc3 26. Kf1 Nxa2 27. Ke1 Nc3 28. Kd2 Ne4+ 29. Ke3 Nf6 30. f3 Kf8 {The position is equal.} 31. Kd3 Ke8 32. Nc6 Nd5 33. e4 Ne7 {Precision: White = 97%, Black = 89%.} 1/2-1/2